000 00243nam a2200109Ia 4500
008 190216s9999||||xx |||||||||||||| ||und||
100 _aGang K C
245 0 _aLectures On Three Taxes
260 _bKalyani Pub
650 _aCommerce
942 _cBK
999 _c4743
_d4743